000
00281nam a22001217a 4500
082
_a
651.8 SAN'C
100
_a
SANDERS, D. H
_9
66426
245
_a
COMPUTERS IN BUSINESS AN INTRODUCTION
250
_a
2ND
260
_a
TOKYO
_b
MCGRAW HILL
_c
1968
300
_a
XX, 588P
942
_c
BK
999
_c
584215
_d
584215